01353nam a2200361Ia 4500001001200000003000800012006001900020007001500039008004100054010001700095020001800112020001800130020002600148020002200174040002100196035002100217050002200238082001200260245012000272260004400392300002500436490002800461504005100489533015200540650003200692650002400724655002900748700002500777710001700802830002900819856012600848999001700974ebr10224765CaPaEBRm u cr cn|||||||||010524s2002 enka sb 001 0 eng d z 2001037094 z9780826478757 z9781847144539 z0826453686 (hardback) z0826453694 (pbk.) aCaPaEBRcCaPaEBR a(OCoLC)56844611414aP147b.R45 2002eb04a41522100aRelations and functions within and around languageh[electronic resource] /cedited by Peter H. Fries ... [et al.]. aLondon ;aNew York :bContinuum,c2002. aviii, 399 p. :bill.1 aOpen linguistics series aIncludes bibliographical references and index. aElectronic reproduction.bPalo Alto, Calif. :cebrary,d2009.nAvailable via World Wide Web.nAccess may be limited to ebrary affiliated libraries. 0aFunctionalism (Linguistics) 0aDiscourse analysis. 7aElectronic books.2local1 aFries, Peter Howard.2 aebrary, Inc. 0aOpen linguistics series.40uhttp://site.ebrary.com/lib/rucke/Doc?id=10224765zAn electronic book accessible through the World Wide Web; click to view c26455d26455